<?xml version="1.0" encoding="UTF-8"?>
<marc:record xmlns:marc="http://www.loc.gov/MARC21/slim">
   <marc:leader>00000nam a2200000 a 4500</marc:leader>
   <marc:datafield ind1="1" ind2=" " tag="100">
      <marc:subfield code="a">Figdor, Helmuth</marc:subfield>
      <marc:subfield code="4">aut</marc:subfield>
      <marc:subfield code="e">Verfasser/-in</marc:subfield>
   </marc:datafield>
   <marc:datafield ind1=" " ind2=" " tag="653">
      <marc:subfield code="a">Scheidung; Familie</marc:subfield>
   </marc:datafield>
   <marc:datafield ind1=" " ind2=" " tag="653">
      <marc:subfield code="a">Softcover / Psychologie/Angewandte Psychologie</marc:subfield>
   </marc:datafield>
   <marc:datafield ind1="0" ind2="0" tag="245">
      <marc:subfield code="a">Kinder aus geschiedenen Ehen: Zwischen Trauma und Hoffnung</marc:subfield>
   </marc:datafield>
   <marc:datafield ind1="0" ind2="0" tag="245">
      <marc:subfield code="b">Wie Kinder und Eltern die Trennung erleben</marc:subfield>
   </marc:datafield>
   <marc:datafield ind1="0" ind2="0" tag="245">
      <marc:subfield code="c">Helmuth Figdor</marc:subfield>
   </marc:datafield>
   <marc:datafield ind1=" " ind2="1" tag="264">
      <marc:subfield code="a">Gießen, Lahn</marc:subfield>
      <marc:subfield code="b">Psychosozial-Verlag</marc:subfield>
      <marc:subfield code="c">2012</marc:subfield>
   </marc:datafield>
   <marc:datafield ind1="1" ind2=" " tag="490">
      <marc:subfield code="a">Psychoanalytische Pädagogik</marc:subfield>
   </marc:datafield>
   <marc:datafield ind1="1" ind2=" " tag="520">
      <marc:subfield code="a">Angaben aus der Verlagsmeldung

Kinder aus geschiedenen Ehen: Zwischen Trauma und Hoffnung : Wie Kinder und Eltern die Trennung erleben / von Helmuth Figdor

Dass viele Kinder unter der Scheidung ihrer Eltern leiden, ist heute unbestritten. Wie aber wirkt sich eine Scheidung langfristig auf die psychische Entwicklung aus? Welche Gefahren, aber auch welche Chancen birgt sie?
Dieses Buch basiert auf Erkenntnissen, die ein Forschungsprojekt des Instituts für Angewandte Psychoanalyse in Wien ergeben hat. Figdor beschreibt die individuell verschiedene Psychodynamik des kindlichen Scheidungserlebens in Abhängigkeit von der Hilfestellung, die das Kind durch die Umwelt, vor allem durch die Eltern, erfährt, und kommt zu der Einsicht, dass sichtbare Symptome nichts über tatsächliche Belastung, Bewältigung und langfristige Auswirkungen aussagen. Ein besonderes Augenmerk wird auf die Vorgeschichte der Scheidung gelegt. Auch die Gründe für das Versagen der Umwelt, die notwendigen Hilfestellungen zum Verarbeiten des Scheidungserlebens zu geben, werden diskutiert.
</marc:subfield>
   </marc:datafield>
   <marc:datafield ind1=" " ind2=" " tag="020">
      <marc:subfield code="a">9783837921984</marc:subfield>
      <marc:subfield code="9">9783837921984</marc:subfield>
   </marc:datafield>
   <marc:datafield ind1=" " ind2=" " tag="020">
      <marc:subfield code="a">3837921980</marc:subfield>
      <marc:subfield code="9">3837921980</marc:subfield>
   </marc:datafield>
   <marc:datafield ind1=" " ind2=" " tag="041">
      <marc:subfield code="a">ger</marc:subfield>
   </marc:datafield>
   <marc:datafield ind1=" " ind2=" " tag="300">
      <marc:subfield code="a">253 S.</marc:subfield>
   </marc:datafield>
</marc:record>
